Русский сонет: Сонеты русских поэтов начала XX века и советских поэтов

Dettagli Bibliografici
Altri autori: Романов Б. Борис (составитель)
Lingua:russo
Pubblicazione: Москва, Советская Россия, 1987
Soggetti:
Natura: MixedMaterials Libro
KOHA link:https://koha.lib.tpu.ru/cgi-bin/koha/opac-detail.pl?biblionumber=123320

MARC

LEADER 00000nam0a2200000 4500
001 123320
005 20231031130437.0
020 |a RU  |b 87-96656 
035 |a (RuTPU)RU\TPU\book\133497 
090 |a 123320 
100 |a 20071015d1987 m y0rusy5003 ca 
101 0 |a rus 
102 |a RU 
105 |a y z 000gy 
200 1 |a Русский сонет  |e Сонеты русских поэтов начала XX века и советских поэтов  |f сост., вступ. ст., подгот. текста и примеч. Б. Романов 
210 |a Москва  |c Советская Россия  |d 1987 
215 |a 608 с.  |d 17 см 
327 1 |a Содерж.: Авт.: Ф. Сологуб, В. Иванов, К. Бальмонт, М. Кузмин, Г. Кржижановский, В. Брюсов, А. Луначарский, М. Волошин, Ю. Верховский, Б. Садовской и др. 
610 1 |a русские поэты 
610 1 |a советские поэты 
610 1 |a сонеты 
610 1 |a антологии 
610 1 |a 20 век 
675 |a Р2  |z rus 
702 1 |a Романов  |b Б.  |g Борис  |4 220 
801 0 |a RU  |b RuMRKP  |c 19950417  |g psbo 
801 1 |a RU  |b 63413507  |c 20071015  |g PSBO 
801 2 |a RU  |b 63413507  |c 20071015  |g PSBO 
942 |c BK